000 00526cas a22001935a 4500
001 L138459
008 070608d19982002xxkmr p 0 a0eng d
035 _a(Sirsi) u138459
041 0 _aeng
110 2 _aArchitecture and Surveying Institute
_94046
245 0 0 _aBriefing
260 _aChippenham
_bASI Services
_c1998-2002
362 0 _a(27) October 2000-(42) January 2002
554 _a12 per year
651 4 _aUnited Kingdom
_y
690 _aBUILT ENVIRONMENT
785 0 0 _tArchitecture and Surveying
942 _n0
999 _c118985
_d118985